Vývoz a propagace spotřebního zboží

Enregistré dans:
Détails bibliographiques
Auteur principal: Kachlík, Alfons
Autres auteurs: Červený, Zdeněk
Format: Livre
Langue:tchèque
Publié: Praha Československá obchodní a průmyslová komora 1988
Collection:Otázky obchodní techniky
Tags: Ajouter un tag
Pas de tags, Soyez le premier à ajouter un tag!

MARC

LEADER 00000nam a2200000 4500
001 c034376
005 20250515083640.4
041 0 |a cze 
044 |a CZ 
245 1 0 |a Vývoz a propagace spotřebního zboží  |c Alfons Kachlík, Zdeněk Červený 
264 1 |a Praha  |b Československá obchodní a průmyslová komora  |c 1988 
300 |a 89 s. 
490 1 |a Otázky obchodní techniky 
830 0 |a Otázky obchodní techniky 
100 1 |a Kachlík, Alfons 
700 1 |a Červený, Zdeněk